Basic statistics for the health sciences
The first introductory statistics text written specifically to make statistics accessible for health science students . Assuming no prerequisites other than high school algebra, the authors provide numerous examples from health settings, a wealth of helpful learning aids, as well as hundreds of exer...
Gardado en:
| Autor Principal: | |
|---|---|
| Formato: | Libro |
| Idioma: | Undetermined |
| Publicado: |
Boston
McGraw-Hill
2005
|
| Những chủ đề: | |
| Các nhãn: |
Engadir etiqueta
Sen Etiquetas, Sexa o primeiro en etiquetar este rexistro!
|
| Thư viện lưu trữ: | Trung tâm Học liệu Trường Đại học Cần Thơ |
|---|
| LEADER | 00888nam a2200193Ia 4500 | ||
|---|---|---|---|
| 001 | CTU_219690 | ||
| 008 | 210402s9999 xx 000 0 und d | ||
| 082 | |a 519.502461 | ||
| 082 | |b K97 | ||
| 100 | |a Kuzma, Jan W. | ||
| 245 | 0 | |a Basic statistics for the health sciences | |
| 245 | 0 | |c Jan W. Kuzma, Stephen E. Bohnenblust | |
| 260 | |a Boston | ||
| 260 | |b McGraw-Hill | ||
| 260 | |c 2005 | ||
| 520 | |a The first introductory statistics text written specifically to make statistics accessible for health science students . Assuming no prerequisites other than high school algebra, the authors provide numerous examples from health settings, a wealth of helpful learning aids, as well as hundreds of exercises to help students succeed in the course. | ||
| 650 | |a Medical statistics,Thống kê y tế | ||
| 904 | |i Trúc | ||
| 980 | |a Trung tâm Học liệu Trường Đại học Cần Thơ | ||